000
00218 a2200097 4500
001
56277
100
_a
245
_a
Family ; from institution to companionship
260
_a
Islamabad
_b
N.B.F
_c
090
_c
34798
_d
34798
942
_a
NUST-CAE
_c
_c
27555
999
_c
291350
_d
291350